[Event "29th CRO-chT Junior 2020"]
[Site "Cakovec"]
[Date "2020.07.15"]
[Round "4.8"]
[White "Novosel, Lovro"]
[Black "Kresic, Vid"]
[Result "1-0"]
[WhiteElo "1719"]
[BlackElo "1216"]
[Annotator "NA RC"]
[PlyCount "63"]
[EventDate "2020.07.14"]
[EventType "team-tourn"]
[EventCountry "CRO"]
[SourceTitle "playchess.com"]
[Source "ChessBase"]
[SourceQuality "1"]
[TimeControl "5400+30"]

1. e4 {[%emt 0:00:30]} e5 {[%emt 0:00:30]} 2. Nf3 {[%emt 0:00:00]} Nc6 {[%emt 0:00:30]} 3. Bb5 {[%emt 0:00:00]} f6 {[%emt 0:01:30]} 4. O-O {[%emt 0:01:30]} Bc5 {[%emt 0:01:30]} 5. c3 {[%emt 0:00:30]} a6 {[%emt 0:01:30]} 6. Ba4 {[%emt 0:00:30]} b5 {[%emt 0:04:30]} 7. Bb3 {[%emt 0:01:30]} d6 {[%emt 0:01:30]} 8. d4 {[%emt 0:00:30]} Bb6 {[%emt 0:01:30]} 9. h3 {[%emt 0:00:30]} Bb7 {[%emt 0:01:30]} 10. Be3 {[%emt 0:02:30]} Na5 {[%emt 0:03:30]} 11. Bxg8 {[%emt 0:00:30]} Rxg8 {[%emt 0:00:30]} 12. Nbd2 {[%emt 0:00:30]} Rf8 {[%emt 0:02:30]} 13. Nh4 {[%emt 0:01:30]} Kf7 {[%emt 0:02:30]} 14. b4 {[%emt 0:00:30]} Nc4 {[%emt 0:01:30]} 15. Nxc4 {[%emt 0:03:30]} bxc4 {[%emt 0:00:30]} 16. Qg4 {[%emt 0:00:00]} Bc8 {[%emt 0:02:30]} 17. Nf5 {[%emt 0:02:00]} Bxf5 {[%emt 0:02:30]} 18. exf5 {[%emt 0:00:00]} d5 {[%emt 0:02:30]} 19. dxe5 {[%emt 0:01:00]} fxe5 {[%emt 0:00:30]} 20. Bxb6 {[%emt 0:01:30]} cxb6 {[%emt 0:00:30]} 21. Rad1 {[%emt 0:00:30]} b5 {[%emt 0:01:30]} 22. Rfe1 {[%emt 0:00:30]} e4 {[%emt 0:01:30]} 23. Rd4 {[%emt 0:00:30]} Ra7 {[%emt 0:02:30]} 24. Red1 {[%emt 0:00:30]} Rd7 {[%emt 0:01:30]} 25. f6 {[%emt 0:02:30]} Kxf6 {[%emt 0:13:30]} 26. Rxe4 {[%emt 0:01:30]} dxe4 {[%emt 0:03:30]} 27. Rxd7 {[%emt 0:00:00]} Qc8 {[%emt 0:00:30]} 28. Qxg7+ {[%emt 0:00:00]} Kf5 {[%emt 0:01:30]} 29. Rd5+ {[%emt 0:00:30]} Ke6 {[%emt 0:00:30]} 30. Re5+ {[%emt 0:00:30]} Kd6 {[%emt 0:01:30]} 31. Qe7+ {[%emt 0:00:30]} Kc6 {[%emt 0:00:30]} 32. Re6+ {[%emt 0:37:30]} 1-0

[Event "29th CRO-chT Junior 2020"]
[Site "Cakovec"]
[Date "2020.07.15"]
[Round "4.9"]
[White "Sos, Fran"]
[Black "Cotic, Borna"]
[Result "1/2-1/2"]
[WhiteElo "2024"]
[BlackElo "2049"]
[Annotator "TA"]
[PlyCount "53"]
[EventDate "2020.07.14"]
[EventType "team-tourn"]
[EventCountry "CRO"]
[SourceTitle "playchess.com"]
[Source "ChessBase"]
[SourceQuality "1"]

{[%evp 9,53,0,0,0,0,-4,0,-25,8,0,16,-25,20,-40,-13,-30,-8,-16,-22,-56,-39,-68,-54,-77,-57,-56,-54,-68,-65,-64,-46,-125,-122,-122,-122,-124,-122,-117,-132,-193,-71,-55,-58,-98,-95,-127]} 1. e4 c5 2. d3 e6 3. f4 d5 4. Be2 dxe4 5. dxe4 Qxd1+ 6. Bxd1 {B21: Sicilian: 2 f4 and Morra Gambit.} Nc6 7. c3 Nf6 8. Bf3 {The position is equal.} e5 {[#]} 9. Na3 $146 ({Predecessor:} 9. f5 g6 10. g4 gxf5 11. gxf5 b6 12. Be3 Ba6 13. Ne2 O-O-O 14. Rg1 Rd3 15. Kf2 {0-1 (23) Dani,T-Daroczy,S (2130) Debrecen 1998}) 9... Bd6 10. Ne2 exf4 {Threatens to win with ...g5.} 11. Nxf4 ({Better is} 11. Nc4 $11 Bb8 12. Bxf4) 11... Ne5 $36 {[%mdl 2048] Black has some pressure.} 12. O-O O-O 13. Rd1 Bb8 14. c4 Bg4 15. Kf2 {[#]} Nxe4+ $1 {[%mdl 512]} 16. Bxe4 {Black must now prevent Re1.} Bxd1 17. Bxb7 Ng4+ 18. Kg3 Bxf4+ 19. Bxf4 Rad8 {[#] ...Nf6 is the strong threat.} 20. Bd5 (20. Rxd1 $1 $15 {[%mdl 512]} Rxd1 21. Kxg4) 20... Be2 $17 21. Re1 Rfe8 22. Rxe2 {[%mdl 64] Remove Defender} Rxe2 23. Kxg4 Rxb2 24. Be3 (24. Bg5 $17 {was called for.} Re8 25. Nb5) 24... Rc8 ({Much less strong is} 24... Rxa2 25. Bxc5 a6 26. Kf4) (24... a6 $19 {has better winning chances.} 25. Bxc5 Rxa2) 25. Nb5 Rxa2 26. Nd6 Rc7 27. Nb5 {Accuracy: White = 51%, Black = 71%.} 1/2-1/2

[Event "29th CRO-chT Junior 2020"]
[Site "Cakovec"]
[Date "2020.07.15"]
[Round "4.10"]
[White "Simunic, Krunoslav"]
[Black "Kanizaj, Benjamin"]
[Result "0-1"]
[WhiteElo "2047"]
[BlackElo "1968"]
[Annotator "TA"]
[PlyCount "112"]
[EventDate "2020.07.14"]
[EventType "team-tourn"]
[EventCountry "CRO"]
[SourceTitle "playchess.com"]
[Source "ChessBase"]
[SourceQuality "1"]

{[%evp 22,112,10,15,53,13,13,13,26,0,0,0,109,-20,-25,-15,40,49,130,65,45,58,54,45,261,258,256,264,280,281,269,268,622,230,228,209,274,248,225,0,270,149,152,152,204,207,205,206,200,181,177,174,166,176,178,157,183,125,202,202,206,183,195,188,188,0,56,0,23,0,33,0,0,-827,-827,-827,-827,-827,-827,-827,0,0,0,-827,-827,-827,-827,-827,-812,-1695,-1495,-1212,-1191]} 1. d4 d5 2. c4 c6 3. Nc3 Nf6 4. Nf3 e6 5. Bg5 Nbd7 6. e3 Qa5 7. Nd2 dxc4 8. Bxf6 Nxf6 9. Nxc4 Qc7 10. Rc1 Be7 11. Bd3 O-O 12. O-O Rd8 {D52: Queen's Gambit Declined: Cambridge Springs Variation.} 13. Qf3 c5 14. Rfd1 Bd7 {The position is equal.} 15. Ne5 cxd4 16. exd4 Rac8 {[#]} (16... Bc6 $11 {keeps the balance.} 17. Be4 Rxd4 {[%mdl 64] Remove Defender} 18. Rxd4 Qxe5) 17. g4 $146 (17. Nd5 $1 $16 Qxc1 18. Nxe7+ {[%mdl 64] Discovered Attack} Kf8 19. Nxc8 (19. Rxc1 Rxc1+ 20. Bf1 Bb5 $11) 19... Qxc8 20. Bxh7) ({Predecessor:} 17. Nd5 Qxc1 18. Nxe7+ Kf8 19. Nxc8 Qxc8 20. Bxh7 Bc6 21. Nxc6 Qxc6 22. Qxc6 bxc6 23. Bc2 {½-½ (41) Lipp,A (2112)-Pichler,M (2166) Austria 2009}) 17... Bc6 $11 18. Qf4 Bd6 (18... Rf8 $11) 19. Nb5 $1 $14 {[%cal Rb5c7]} Nd5 {[#]} ({Black should try} 19... Qe7 $1 $14) 20. Qf3 (20. Bxh7+ $1 $16 {[%mdl 512]} Kxh7 21. Qe4+ f5 22. gxf5 Bxe5 23. Nxc7 (23. fxe6+ g6 $18) 23... Bxc7 24. fxe6+ g6 25. e7) 20... Qe7 {...Bxe5 is the strong threat.} 21. Nxa7 Bxe5 $1 22. dxe5 $40 {[%mdl 128] White is up to no good.} Nb4 $2 (22... Ra8 $14 23. Nxc6 bxc6) 23. Nxc8 $18 Rxc8 24. Be4 Nxa2 25. Rc4 (25. Rxc6 bxc6 26. Bxc6 Qg5 $14) (25. Bxc6 $6 Nxc1 26. Bxb7 (26. Rxc1 Qg5 $11) 26... Rc7 $18) 25... Nb4 26. Qa3 Qg5 $2 (26... Nd5 27. Qxe7 Nxe7 28. Bxc6 bxc6) 27. Bxc6 $2 (27. Qh3 h6 28. Rxb4) 27... Nxc6 28. Qe3 Qg6 29. Qd3 Qg5 30. Qe3 Qg6 $1 31. b4 (31. Rd7 $18) 31... b5 $16 32. Rf4 Qg5 (32... Ne7 $16 33. Qc5 {[%mdl 64] Double Attack} Qg5) 33. Rc1 $18 Qd8 34. Rc5 {And now Qc1 would win.} Ne7 35. Rxc8 Qxc8 {[%mdl 4096] Endgame KQR-KQN} 36. Qc5 Qd7 37. Qd6 Qe8 38. Rf3 Nd5 39. Ra3 (39. Qa6 $18) 39... g6 (39... g5 $16 {was called for.} 40. Qa6 Qe7) 40. Ra7 {Hoping for Rb7.} Qc8 {intending ...Qc1+.} 41. Qc5 Qb8 42. Rd7 $1 Qa8 {[#]} 43. Qxb5 $2 (43. g5 $1 $18 {Threatens to win with Qd6.} Kg7 44. Qa7 (44. Qxb5 Nf4 $11)) 43... Qa1+ (43... Nf4 $1 $11 44. Rb7 Qa1+ 45. Qf1 Ne2+ 46. Kg2 Nf4+ 47. Kg1 Ne2+ 48. Kg2 Nf4+ 49. Kg1) 44. Kg2 (44. Qf1 $1 $14 Qd4 45. h3) 44... Qxe5 45. Rd8+ Kg7 46. Qc5 {Strongly threatening Qf8+.} Qe4+ 47. Kg3 $2 {[%mdl 8192] [#]} (47. f3 $11 Qe1 48. Rxd5 exd5 49. b5 (49. Qxd5 Qxb4 50. h4 h5 $11)) 47... Qf4+ $1 $19 48. Kg2 Qxg4+ 49. Kf1 Qd1+ 50. Kg2 Qg4+ $2 (50... Nf4+ $19 51. Kg3 Nh5+ 52. Kg2 Qxd8) 51. Kf1 $11 Qd1+ $2 {[%mdl 8192]} (51... Nf4 $11 52. Qe5+ Kh6) 52. Kg2 $19 Nf4+ {[%mdl 64] Discovered Attack. Black is clearly winning.} 53. Kg3 Nh5+ ({Weaker is} 53... Qxd8 54. Kxf4 Qd2+ 55. Kg3 $11) 54. Kg2 Qxd8 55. b5 Qd5+ 56. Qxd5 Nf4+ {[%mdl 64] Double Attack. Accuracy: White = 52%, Black = 55%.} 0-1

[Event "29th CRO-chT Junior 2020"]
[Site "Cakovec"]
[Date "2020.07.15"]
[Round "4.11"]
[White "Borzan, Andrej"]
[Black "Baric, Marko"]
[Result "1-0"]
[WhiteElo "1983"]
[BlackElo "1831"]
[Annotator "TA"]
[PlyCount "91"]
[EventDate "2020.07.14"]
[EventType "team-tourn"]
[EventCountry "CRO"]
[SourceTitle "playchess.com"]
[Source "ChessBase"]
[SourceQuality "1"]

{[%evp 11,91,0,20,0,0,0,2,13,16,-4,-5,-15,-21,-33,8,0,-5,0,0,0,6,-15,24,16,27,18,21,27,64,25,18,16,22,18,34,28,41,0,0,0,0,0,0,-26,0,0,0,-11,9,18,17,12,15,15,42,24,69,72,141,158,125,118,274,234,271,263,295,173,29967,29968,5600,5600,29975,29976,29976,29977,29976,29978,29988,29989,29989,29990]} 1. d4 Nf6 2. c4 e6 3. Nf3 Bb4+ 4. Bd2 Qe7 5. Nc3 O-O 6. g3 d5 7. cxd5 {has lost popularity (7.a3). E11: Bogo-Indian.} exd5 8. Bg2 {[#]} Bf5 $146 ({Predecessor:} 8... c6 9. O-O a5 10. Qc2 Nbd7 11. a3 Bxc3 12. Bxc3 Re8 13. e3 Nb6 14. Nd2 Ne4 {0-1 (68) Nguyen,E (2278)-Raznikov,D (2494) Dallas 2018}) 9. O-O {The position is equal.} h6 10. Ne5 c6 11. Qb3 Na6 12. Rad1 Nd7 13. Nxd7 (13. g4 {seems wilder.} Nxe5 14. gxf5 Nc4 15. Bf4 Bd6 16. Bg3) 13... Qxd7 14. a3 Bxc3 15. bxc3 Rfe8 16. e3 Rab8 17. c4 {[%cal Rc4d5]} dxc4 18. Qxc4 Nc7 19. Rfe1 Be4 20. Bxe4 (20. f3 {is more complex.} Bf5 21. e4 Be6 22. Qb4 b6 23. Bf4) 20... Rxe4 21. f3 Ree8 22. e4 Ne6 23. Be3 Rbc8 24. d5 cxd5 25. Rxd5 Qe7 26. Qb4 b6 27. Red1 Qxb4 28. axb4 Rc3 29. Kf2 Rc2+ 30. R1d2 Rec8 31. Rd7 Rxd2+ 32. Bxd2 $11 {[%mdl 4096] Endgame KRB-KRN} Rc2 33. Ke3 Ra2 34. f4 a5 {[#]} ({Black should try} 34... f6) 35. f5 $1 $16 {[%cal Rf5e6]} Ng5 36. h4 Nh3 $2 {This move loses the game for Black.} (36... Ra3+ $16 37. Rd3 Rxd3+ 38. Kxd3 Nf3) 37. Rd8+ $18 Kh7 38. bxa5 bxa5 {[#]} 39. e5 (39. Kf3 $142 $1) 39... a4 $2 (39... Ra3+ $18 40. Rd3 Rxd3+ 41. Kxd3 a4) 40. e6 Ra3+ 41. Ke2 fxe6 42. fxe6 {White mates.} Ng1+ 43. Kf2 Rf3+ 44. Kxg1 a3 45. e7 a2 46. Ra8 {Accuracy: White = 84%, Black = 56%.} 1-0

[Event "29th CRO-chT Junior 2020"]
[Site "Cakovec"]
[Date "2020.07.15"]
[Round "4.12"]
[White "Cecic-Sule, Dino"]
[Black "Colev, Ivor"]
[Result "1-0"]
[WhiteElo "1695"]
[BlackElo "1893"]
[Annotator "NA RC"]
[PlyCount "95"]
[EventDate "2020.07.14"]
[EventType "team-tourn"]
[EventCountry "CRO"]
[SourceTitle "playchess.com"]
[Source "ChessBase"]
[SourceQuality "1"]
[TimeControl "5400+30"]

{[%evp 8,61,-1,-22,17,18,34,-8,-24,-24,-14,-33,-20,0,16,0,0,-6,0,2,59,0,24,7,14,0,32767,32767,32767,32767,32767,32767,32767,43,57,32767,32767,32767,32767,0,7,0,13,0,32767,0,0,-17,0,0,0,-20,130,32767,32767,7]} 1. d4 {[%emt 0:00:30]} f5 {[%emt 0:00:30]} 2. g4 {[%emt 0:00:00]} fxg4 {[%emt 0:00:00]} 3. Bg5 {[%emt 0:00:00]} d5 {[%emt 0:02:00]} 4. Nc3 {[%emt 0:00:00]} Nf6 {[%emt 0:00:30]} 5. h3 {[%emt 0:04:00]} g3 {[%emt 0:10:30]} 6. fxg3 {[%emt 0:01:30] A80: Dutch Defence: Unusual White second moves.} Bf5 {[%emt 0:00:30] [#]} 7. Bxf6 $146 {[%emt 0:02:30]} ({Predecessor:} 7. Bg2 c6 8. Qd2 Nbd7 9. Nf3 e6 10. g4 Be4 11. a3 Qc7 12. Bf4 Bd6 13. Bxd6 Qxd6 {1-0 (35) Spelec,D (2027)-Pirs,M (2068) Sentjur 2013}) 7... exf6 {[%emt 0:02:30]} 8. e3 {[%emt 0:08:30]} Bb4 {[%emt 0:04:30]} 9. Bd3 {[%emt 0:01:30]} Bxc3+ {[%emt 0:06:30]} 10. bxc3 {[%emt 0:00:30]} Be6 {[%emt 0:00:00]} 11. Qf3 {[%emt 0:04:30]} Nd7 {[%emt 0:07:00]} 12. Ne2 {[%emt 0:01:30]} Qe7 {[%emt 0:04:30]} 13. Nf4 {[%emt 0:01:30]} O-O-O {[%emt 0:00:30]} (13... Bf7 $11) 14. Kd2 {[%emt 0:06:30]} (14. c4 $14) 14... c6 {[%emt 0:03:30]} 15. a4 {[%emt 0:05:30]} Bf7 {[%emt 0:04:30]} 16. Bf5 {[%emt 0:05:30]} g5 {[%emt 0:02:30]} 17. Nd3 {[%emt 0:00:30]} Kb8 {[%emt 0:01:30]} 18. Bxd7 {[%emt 0:00:30]} Rxd7 {[%emt 0:01:30]} 19. Nc5 {[%emt 0:00:30]} Rd6 {[%emt 0:04:30]} 20. Rhb1 {[%emt 0:00:30]} (20. a5 $16) 20... b6 {[%emt 0:01:30]} 21. a5 {[%emt 0:05:30]} b5 {[%emt 0:00:30]} 22. a6 {[%emt 0:00:30]} Bg6 {[%emt 0:03:30]} 23. g4 {[%emt 0:05:30]} h5 {[%emt 0:03:30]} 24. Qg3 {[%emt 0:03:30]} Ka8 {[%emt 0:03:30]} 25. Nb7 {[%emt 0:09:30]} Rd7 {[%emt 0:00:30]} 26. Nc5 {[%emt 0:03:30]} Rdd8 {[%emt 0:01:30]} 27. Rh1 {[%emt 0:01:30]} Rh7 {[%emt 0:05:30]} 28. h4 $11 {[%emt 0:04:30]} Rdh8 $1 {[%emt 0:07:51]} 29. hxg5 {[%emt 0:01:30]} fxg5 {[%emt 0:00:08]} (29... h4 $11 {keeps the balance.} 30. Qh2 fxg5) 30. gxh5 {[%emt 0:00:30]} Bxh5 {[%emt 0:01:09]} 31. Nd3 {[%emt 0:01:30]} (31. Raf1 $16) 31... Rh6 {[%emt 0:11:08]} 32. Ne5 {[%emt 0:00:30]} g4 {[%emt 0:03:31]} 33. Raf1 {[%emt 0:06:35]} Qd6 {[%emt 0:02:00]} 34. Qf4 {[%emt 0:08:04]} Qe6 {[%emt 0:02:28]} 35. Qf8+ {[%emt 0:04:46]} Be8 {[%emt 0:00:17]} 36. Qxh8 {[%emt 0:00:17]} Rxh8 {[%emt 0:00:14]} 37. Rxh8 {[%emt 0:00:05]} Kb8 {[%emt 0:00:47]} 38. Rff8 {[%emt 0:00:05]} Kc7 {[%emt 0:00:11]} 39. Rxe8 {[%emt 0:00:20]} Qf5 {[%emt 0:00:17]} 40. Rc8+ {[%emt 0:02:35]} Kb6 {[%emt 0:00:06]} 41. Rxc6+ {[%emt 0:00:13]} Ka5 {[%emt 0:00:08]} 42. Rh1 {[%emt 0:02:09]} Qf2+ {[%emt 0:00:38]} 43. Kc1 {[%emt 0:00:02]} Qg2 {[%emt 0:01:11]} 44. Re1 {[%emt 0:00:52]} b4 {[%emt 0:01:25]} 45. Kb2 {[%emt 0:00:28]} Kb5 {[%emt 0:00:47]} 46. Ra1 {[%emt 0:00:47]} bxc3+ {[%emt 0:00:34]} 47. Kxc3 {[%emt 0:00:39]} Qe2 {[%emt 0:00:25]} 48. Rc5+ {[%emt 0:00:16]} 1-0

[Event "29th CRO-chT Junior 2020"]
[Site "Cakovec"]
[Date "2020.07.15"]
[Round "4.13"]
[White "Alfirevic, Duje"]
[Black "Topalic, Fran"]
[Result "1-0"]
[WhiteElo "2011"]
[BlackElo "1741"]
[Annotator "TA"]
[PlyCount "65"]
[EventDate "2020.07.14"]
[EventType "team-tourn"]
[EventCountry "CRO"]
[SourceTitle "playchess.com"]
[Source "ChessBase"]
[SourceQuality "1"]

{[%evp 13,65,14,16,13,26,6,24,19,68,69,60,31,42,25,18,30,20,22,27,32,10,3,10,0,17,12,104,108,108,120,132,19,78,68,80,71,75,51,216,197,446,449,479,471,458,333,422,431,430,435,495,492,489,489]} 1. e4 e5 2. Nf3 Nc6 3. Bc4 Bc5 4. c3 Nf6 5. d3 h6 6. O-O d6 7. a4 a6 8. Nbd2 {[%cal Bb1d2,Bd2f1,Bf1g3][%mdl 32] C54: Giuoco Piano: 4 c3 Nf6, main lines with 5 d4 and 5 d3.} O-O 9. Re1 Re8 10. Nf1 {[#] White has an edge.} d5 $146 ({Predecessor:} 10... Ba7 11. b4 Be6 12. Bxe6 Rxe6 13. Qc2 Qd7 14. Rb1 Ne7 15. d4 exd4 16. Nxd4 Bxd4 17. cxd4 {0-1 (42) Duda,J (2753)-Harikrishna,P (2719) chess24.com INT 2020}) 11. exd5 Nxd5 12. Ng3 Nf6 13. h3 (13. b4 {is interesting.} Bd6 14. Nd2 Bg4 15. Qc2 Be6 16. Bxe6 Rxe6 17. Nc4) 13... e4 14. dxe4 Qxd1 15. Rxd1 Nxe4 16. Nxe4 Rxe4 17. Bd3 Re7 18. Bf4 Be6 19. b4 Bb6 (19... Bd6 $11 20. Bxd6 cxd6) 20. a5 $36 {[%mdl 2048] White is in control.} Ba7 {[#]} 21. b5 $1 {[%cal Rb5c6]} axb5 {[#]} 22. Bxb5 ({Only move:} 22. a6 $1 $16 {[%cal Ra6b7]} Bc8 23. Bxb5) 22... Nd8 (22... Bb3 $11) 23. a6 bxa6 $1 24. Rxa6 {Black must now prevent Be3.} c6 25. Bf1 {Hoping for Bd6.} Bb3 $2 {This move loses the game for Black.} (25... Rc8 $1 $14) 26. Rda1 $18 Ne6 $2 (26... Bd5 {is a better defense.} 27. Nd4 Rd7) 27. Be3 c5 28. Nd2 Bc2 29. Bc4 Kh7 30. Bd5 {White is clearly winning.} Rd8 31. Bxe6 $1 ({Weaker is} 31. Rxa7 Rxa7 32. Rxa7 Rxd5 $16) 31... Rxe6 32. Rxe6 ({Less strong is} 32. Rxa7 Rxe3 33. fxe3 Rxd2 $18) 32... fxe6 33. Rxa7 {Accuracy: White = 84%, Black = 47%.} 1-0

[Event "29th CRO-chT Junior 2020"]
[Site "Cakovec"]
[Date "2020.07.15"]
[Round "4.14"]
[White "Matota, Dominik"]
[Black "Dumancic, Simun"]
[Result "1/2-1/2"]
[WhiteElo "1807"]
[BlackElo "1896"]
[Annotator "NA RC"]
[PlyCount "64"]
[EventDate "2020.07.14"]
[EventType "team-tourn"]
[EventCountry "CRO"]
[SourceTitle "playchess.com"]
[Source "ChessBase"]
[SourceQuality "1"]
[TimeControl "5400+30"]

{[%evp 9,57,11,12,0,0,-7,51,63,65,0,68,9,13,-2,22,31,22,-54,-56,-78,43,-45,18,8,11,4,66,50,58,51,32767,63,32767,45,35,35,28,-16,-8,-33,-22,-82,-70,-69,32767,32767,32767,32767,0,0]} 1. e4 {[%emt 0:00:30]} c5 {[%emt 0:00:30]} 2. Nf3 {[%emt 0:00:00]} Nc6 {[%emt 0:00:30]} 3. d4 {[%emt 0:00:00]} cxd4 {[%emt 0:00:00]} 4. Nxd4 {[%emt 0:00:00]} g6 {[%emt 0:00:00]} 5. Nc3 {[%emt 0:01:00]} Bg7 {[%emt 0:00:30]} 6. Be3 {[%emt 0:00:00]} Nf6 $1 {[%emt 0:00:30]} 7. Qd2 {[%emt 0:00:00]} d6 {[%emt 0:08:30]} ({Black should play} 7... O-O $11) 8. f3 {[%emt 0:00:30]} O-O {[%emt 0:00:30]} 9. Be2 {[%emt 0:01:30]} (9. g4 $16) 9... a6 {[%emt 0:02:30]} (9... d5 $11) 10. Nb3 {[%emt 0:02:30] B76: Sicilian Dragon: Yugoslav Attack, 9 g4 and 9 0-0-0.} Be6 {[%emt 0:04:30]} 11. Nd5 {[%emt 0:02:30]} Bxd5 {[%emt 0:08:30]} 12. exd5 {[%emt 0:00:30]} Ne5 {[%emt 0:00:30]} 13. c4 {[%emt 0:02:30]} (13. f4 $11 Neg4 14. Bd4) 13... Rc8 {[%emt 0:01:30]} 14. Rc1 {[%emt 0:00:30] [#]} Qd7 {[%emt 0:05:30] [#]} ({Better is} 14... b5 $1 $17 {[%mdl 512]} 15. cxb5 Rxc1+ 16. Nxc1 axb5) 15. Nd4 $146 {[%emt 0:08:30]} ({Predecessor:} 15. O-O $14 Rfe8 16. Rfd1 e6 17. dxe6 Qxe6 18. Nd4 Nxf3+ 19. Bxf3 Qxe3+ 20. Qxe3 Rxe3 21. Bxb7 {0-1 (64) Goodfellow,R (1909)-Tombolis,C (1417) Crawley 2016}) 15... e6 {[%emt 0:09:30]} (15... b5 $5 16. b3 bxc4 17. bxc4 Qa4 $15) 16. dxe6 {[%emt 0:06:30]} fxe6 {[%emt 0:00:30]} 17. O-O {[%emt 0:02:30]} Nc6 {[%emt 0:04:30]} (17... d5 $11) 18. Rfd1 {[%emt 0:03:30]} Rfd8 {[%emt 0:01:30]} 19. b4 {[%emt 0:06:30]} Ne7 {[%emt 0:12:30]} 20. Nb3 {[%emt 0:10:30]} Qc7 {[%emt 0:02:30]} 21. b5 {[%emt 0:02:30]} Nf5 {[%emt 0:03:30]} 22. bxa6 {[%emt 0:01:30]} bxa6 {[%emt 0:00:30]} 23. Bf2 {[%emt 0:01:30]} (23. Bf4 $14) 23... Bh6 $1 {[%emt 0:01:30]} 24. Qb2 {[%emt 0:18:30]} Bxc1 {[%emt 0:06:30]} 25. Qxf6 {[%emt 0:00:30]} Bh6 {[%emt 0:00:30]} 26. Qxe6+ {[%emt 0:10:27]} Qf7 {[%emt 0:00:30]} 27. Qxf7+ {[%emt 0:00:00]} Kxf7 {[%emt 0:03:30]} 28. g4 {[%emt 0:00:27]} Ne7 $11 {[%emt 0:08:25]} ({Black should try} 28... Ne3 $17 29. Rd4 Re8) 29. Bb6 {[%emt 0:00:42]} Re8 {[%emt 0:04:55]} 30. Rxd6 {[%emt 0:09:17]} Rc6 {[%emt 0:00:25]} 31. Rxc6 {[%emt 0:01:15]} Nxc6 {[%emt 0:00:02]} 32. Kf2 {[%emt 0:00:13]} Bf4 {[%emt 0:01:59]} 1/2-1/2

[Event "29th CRO-chT Junior 2020"]
[Site "Cakovec"]
[Date "2020.07.15"]
[Round "4.15"]
[White "Sagovac, Kristijan"]
[Black "Borzan, Matej"]
[Result "1-0"]
[WhiteElo "1839"]
[BlackElo "1746"]
[Annotator "NA RC"]
[PlyCount "47"]
[EventDate "2020.07.14"]
[EventType "team-tourn"]
[EventCountry "CRO"]
[SourceTitle "playchess.com"]
[Source "ChessBase"]
[SourceQuality "1"]
[TimeControl "5400+30"]

{[%evp 8,46,37,25,26,12,65,39,51,-27,-27,-35,-29,-3,115,107,74,117,196,160,164,227,196,262,207,236,222,236,236,230,154,115,437,492,863,32767,1244,189,1314,1387,1308]} 1. e4 {[%emt 0:00:30]} d6 {[%emt 0:00:30]} 2. d4 {[%emt 0:00:00]} Nf6 {[%emt 0:00:00]} 3. Nc3 {[%emt 0:00:00]} g6 {[%emt 0:00:00]} 4. f4 {[%emt 0:00:00]} Bg7 {[%emt 0:00:00]} 5. Nf3 {[%emt 0:01:00]} O-O {[%emt 0:00:00]} 6. Be2 {[%emt 0:00:30]} c6 {[%emt 0:02:30]} 7. h3 {[%emt 0:01:30] B09: Pirc Defence: Austrian Attack.} Nh5 {[%emt 0:03:30]} 8. g4 {[%emt 0:01:30]} (8. Kf2 $14) 8... Ng3 {[%emt 0:00:30]} 9. Rg1 {[%emt 0:01:30]} Nxe2 {[%emt 0:00:30]} 10. Qxe2 {[%emt 0:00:00] [#]} e5 $146 {[%emt 0:01:30]} (10... b5 $15 {stays ahead.}) ({Predecessor:} 10... Qb6 11. e5 Na6 12. b3 c5 13. Nd5 Qd8 14. Nc3 cxd4 15. Nb5 d3 16. Qxd3 dxe5 17. Qxd8 Rxd8 18. fxe5 {0-1 (45) Rosenstein,P (1725)-Fomin,G (2089) San Francisco 2014}) 11. dxe5 {[%emt 0:03:00]} ({Much worse is} 11. fxe5 $6 dxe5 {Much weaker is} 12. dxe5 $6 Qb6 $11) 11... dxe5 {[%emt 0:00:30] [#]} 12. f5 $1 {[%emt 0:02:30]} ({Reject} 12. Nxe5 $6 Qh4+ 13. Qf2 Qxh3 $11) 12... b6 {[%emt 0:02:30]} (12... Qb6 $16) 13. Bg5 {[%emt 0:03:30]} f6 {[%emt 0:03:30]} 14. Bd2 {[%emt 0:01:30]} Ba6 {[%emt 0:00:00]} 15. Qg2 {[%emt 0:04:30]} g5 {[%emt 0:00:00]} 16. h4 {[%emt 0:01:30]} h6 {[%emt 0:00:30]} 17. hxg5 {[%emt 0:00:30]} fxg5 {[%emt 0:00:30]} 18. O-O-O {[%emt 0:00:30]} Qe7 {[%emt 0:00:30]} 19. Qh2 {[%emt 0:01:30]} (19. Rh1 $18 {has better winning chances.}) 19... Qf6 $2 {[%emt 0:03:30]} (19... Rd8 $16) 20. Rh1 {[%emt 0:02:30]} Bc4 {[%emt 0:05:30]} (20... Rd8 $142 21. Qh5 Qf7 22. Qxf7+ Kxf7) 21. Nxg5 {[%emt 0:02:30]} hxg5 {[%emt 0:00:30]} 22. Qh7+ {[%emt 0:00:00]} Kf7 {[%emt 0:00:30]} 23. Qh5+ {[%emt 0:00:00] Double Attack} Ke7 $18 {[%emt 0:00:00]} 24. Bxg5 {[%emt 0:00:30]} 1-0

[Event "29th CRO-chT Junior 2020"]
[Site "Cakovec"]
[Date "2020.07.15"]
[Round "4.16"]
[White "Dankos, Mislav"]
[Black "Martic, Filip"]
[Result "0-1"]
[WhiteElo "1274"]
[BlackElo "1656"]
[Annotator "NA RC"]
[PlyCount "46"]
[EventDate "2020.07.14"]
[EventType "team-tourn"]
[EventCountry "CRO"]
[SourceTitle "playchess.com"]
[Source "ChessBase"]
[SourceQuality "1"]
[TimeControl "5400+30"]

1. e4 {[%emt 0:00:30]} c5 {[%emt 0:00:30]} 2. Nf3 {[%emt 0:00:00]} g6 {[%emt 0:00:30]} 3. d4 {[%emt 0:00:00]} cxd4 {[%emt 0:00:30]} 4. Nxd4 {[%emt 0:00:30]} Nc6 {[%emt 0:00:30]} 5. c4 {[%emt 0:00:00]} Nf6 {[%emt 0:00:30]} 6. Nc3 {[%emt 0:00:00]} d6 {[%emt 0:00:30]} 7. Be2 {[%emt 0:01:30]} Bg7 {[%emt 0:03:30]} 8. Be3 {[%emt 0:01:30]} Bd7 {[%emt 0:00:30]} 9. O-O {[%emt 0:03:30]} Nxd4 {[%emt 0:00:30]} 10. Bxd4 {[%emt 0:00:30]} Bc6 {[%emt 0:00:30]} 11. f3 {[%emt 0:00:30]} a5 {[%emt 0:00:30]} 12. Na4 {[%emt 0:04:30]} O-O {[%emt 0:02:30]} 13. Nb6 {[%emt 0:00:30]} Rb8 {[%emt 0:00:00]} 14. Nd5 {[%emt 0:00:30]} Bxd5 {[%emt 0:00:00]} 15. cxd5 {[%emt 0:00:00]} Nd7 {[%emt 0:00:30]} 16. Rc1 {[%emt 0:02:00]} Bxd4+ {[%emt 0:06:30]} 17. Qxd4 {[%emt 0:02:30]} Nc5 {[%emt 0:00:30]} 18. b3 {[%emt 0:02:30]} Qd7 {[%emt 0:01:30]} 19. Rc2 {[%emt 0:02:30]} Rfc8 {[%emt 0:05:30]} 20. Rfc1 {[%emt 0:00:30]} b5 {[%emt 0:06:30]} 21. b4 {[%emt 0:02:30]} axb4 {[%emt 0:00:30]} 22. Qxb4 {[%emt 0:00:30]} Qa7 {[%emt 0:00:30]} 23. e5 {[%emt 0:03:30]} Nd3+ {[%emt 0:00:30]} 0-1